<?xml version="1.0" encoding="UTF-8"?>
<record
    xmlns:xsi="http://www.w3.org/2001/XMLSchema-instance"
    xsi:schemaLocation="http://www.loc.gov/MARC21/slim http://www.loc.gov/standards/marcxml/schema/MARC21slim.xsd"
    xmlns="http://www.loc.gov/MARC21/slim">

  <leader>01281nam a22002537a 4500</leader>
  <controlfield tag="001">6640</controlfield>
  <controlfield tag="003">FISKH</controlfield>
  <controlfield tag="005">20250516151437.0</controlfield>
  <controlfield tag="008">250516b        cb ||||| |||| 00| 0 eng d</controlfield>
  <datafield tag="040" ind1=" " ind2=" ">
    <subfield code="a">FISKH</subfield>
    <subfield code="b">khr</subfield>
    <subfield code="c">FISKH</subfield>
    <subfield code="d">FISKH</subfield>
  </datafield>
  <datafield tag="082" ind1=" " ind2=" ">
    <subfield code="a">600</subfield>
  </datafield>
  <datafield tag="100" ind1=" " ind2=" ">
    <subfield code="a">Nalong, Khon</subfield>
  </datafield>
  <datafield tag="245" ind1=" " ind2=" ">
    <subfield code="a">&#x179F;&#x17CA;&#x17C1;&#x179A;&#x17B8; &#x1787;&#x17C6;&#x1793;&#x17B6;&#x1789;&#x1780;&#x17C6;&#x1796;&#x17D2;&#x1799;&#x17BC;&#x1791;&#x17D0;&#x179A; :</subfield>
    <subfield code="b">&#x179F;&#x17C6;&#x179A;&#x17B6;&#x1794;&#x17CB;&#x1780;&#x17B6;&#x179A;&#x1784;&#x17B6;&#x179A;&#x1780;&#x17B6;&#x179A;&#x17B7;&#x1799;&#x17B6;&#x179B;&#x17D0;&#x1799;&#x200B; /</subfield>
    <subfield code="c">&#x179A;&#x17C0;&#x1794;&#x179A;&#x17C0;&#x1784;&#x178A;&#x17C4;&#x1799; &#x1781;&#x17BB;&#x1793; &#x178E;&#x17B6;&#x17A1;&#x17BB;&#x1784; &#x1793;&#x17B7;&#x1784;&#x200B; &#x179A;&#x17B6;&#x1798; &#x179C;&#x17B7;&#x1791;&#x17BC;</subfield>
  </datafield>
  <datafield tag="260" ind1=" " ind2=" ">
    <subfield code="a">&#x1797;&#x17D2;&#x1793;&#x17C6;&#x1796;&#x17C1;&#x1789; :</subfield>
    <subfield code="b">&#x179C;&#x17B7;&#x1791;&#x17D2;&#x1799;&#x17B6;&#x179F;&#x17D2;&#x1790;&#x17B6;&#x1793;&#x17A2;&#x1793;&#x17D2;&#x178F;&#x179A;&#x1787;&#x17B6;&#x178F;&#x17B7;&#x1793;&#x17C3;&#x1780;&#x1798;&#x17D2;&#x1796;&#x17BB;&#x1787;&#x17B6; ,</subfield>
    <subfield code="c">&#x17E2;&#x17E0;&#x17E0;&#x17E1; . </subfield>
  </datafield>
  <datafield tag="300" ind1=" " ind2=" ">
    <subfield code="a">199 pages : </subfield>
    <subfield code="b">color illustrations ;</subfield>
    <subfield code="c">20 cm . </subfield>
  </datafield>
  <datafield tag="520" ind1=" " ind2=" ">
    <subfield code="a">&#x179F;&#x17C0;&#x179C;&#x1797;&#x17C5;&#x1793;&#x17C1;&#x17C7;&#x17A2;&#x17B6;&#x1785;&#x1787;&#x17B6;&#x1787;&#x17C6;&#x1793;&#x17BD;&#x1799;&#x178A;&#x179B;&#x17CB;&#x179F;&#x17B7;&#x179F;&#x17D2;&#x179F;&#x1780;&#x17D2;&#x1793;&#x17BB;&#x1784;&#x1780;&#x17B6;&#x179A;&#x1792;&#x17D2;&#x179C;&#x17BE;&#x179F;&#x17D2;&#x179C;&#x17D0;&#x1799;&#x179F;&#x17B7;&#x1780;&#x17D2;&#x179F;&#x17B6;&#x200B;&#x179B;&#x17BE;&#x1780;&#x1798;&#x17D2;&#x1798;&#x179C;&#x17B7;&#x1792;&#x17B8; Microsoft Window 2000 &#x17D4;</subfield>
  </datafield>
  <datafield tag="520" ind1=" " ind2=" ">
    <subfield code="a">This book may serve as a helpful resource for students to self-study the Microsoft Windows 2000 program.</subfield>
  </datafield>
  <datafield tag="650" ind1=" " ind2=" ">
    <subfield code="a">&#x1787;&#x17C6;&#x1793;&#x17B6;&#x1789;&#x1780;&#x17C6;&#x1796;&#x17D2;&#x1799;&#x17BC;&#x1791;&#x17D0;&#x179A; </subfield>
  </datafield>
  <datafield tag="650" ind1=" " ind2=" ">
    <subfield code="a">Computer skill </subfield>
  </datafield>
  <datafield tag="700" ind1=" " ind2=" ">
    <subfield code="a">Kimthar, Siv</subfield>
    <subfield code="e">Illustrator </subfield>
  </datafield>
  <datafield tag="700" ind1=" " ind2=" ">
    <subfield code="a">Mitita , Map</subfield>
    <subfield code="e">Illustrator </subfield>
  </datafield>
  <datafield tag="942" ind1=" " ind2=" ">
    <subfield code="2">ddc</subfield>
    <subfield code="c">KHB</subfield>
    <subfield code="n">0</subfield>
  </datafield>
  <datafield tag="999" ind1=" " ind2=" ">
    <subfield code="c">6640</subfield>
    <subfield code="d">6640</subfield>
  </datafield>
  <datafield tag="952" ind1=" " ind2=" ">
    <subfield code="0">0</subfield>
    <subfield code="1">0</subfield>
    <subfield code="2">ddc</subfield>
    <subfield code="4">0</subfield>
    <subfield code="7">0</subfield>
    <subfield code="8">KH</subfield>
    <subfield code="a">002</subfield>
    <subfield code="b">002</subfield>
    <subfield code="c">SKB</subfield>
    <subfield code="d">2025-05-16</subfield>
    <subfield code="l">0</subfield>
    <subfield code="o">NAL 600</subfield>
    <subfield code="p">2025-1318</subfield>
    <subfield code="r">2025-05-16 15:14:34</subfield>
    <subfield code="w">2025-05-16</subfield>
    <subfield code="y">KHB</subfield>
  </datafield>
</record>
